000 00276nam a22001217a 4500
008 181019b xxu||||| |||| 00| 0 eng d
041 _aeng
080 _a701
100 _a45
101 _aART
245 _aThe World of Michelangelo 1475-1564
_cCoughlan, R
942 _2udc
_cBK
999 _c50269
_d50269